La vista y el cerebro.
Guardado en:
| Formato: | |
|---|---|
| Series: | Educable
|
| Materias: | |
| Etiquetas: |
Agregar Etiqueta
Sin Etiquetas, Sea el primero en etiquetar este registro!
|
| LEADER | 00944ngm a22002775g 4500 | ||
|---|---|---|---|
| 001 | CEM.cems022201 | ||
| 008 | 130507b1996##################0###0#####d | ||
| 005 | 20241009174024.0 | ||
| 245 | 0 | 0 | |a La vista y el cerebro. |
| 300 | |a 22'. | ||
| 490 | 0 | |a Educable | |
| 500 | |a En soporte VHS, consultar en ventanilla. | ||
| 505 | 0 | |a La luz y la sombra. Información provista por los ojos. Funcionamiento de los ojos. Los lentes. Tridimensionalidad de la visión. La visión de distintos organismos. El cerebro. Neuronas. Sinapsis. | |
| 538 | |a Soporte: VHS - Norma: Pal N - Color - Grabación DRD 1996 - Hitachi=0000 | ||
| 082 | 6 | 1 | |/ TVQ |
| 653 | |a ANATOMIA | ||
| 653 | |a BIOLOGIA | ||
| 653 | |a OJOS | ||
| 653 | |a VISTA | ||
| 653 | |a CEREBRO | ||
| 653 | |a NEURONAS | ||
| 653 | |a SINAPSIS | ||
| 653 | |a VISION | ||
| 653 | |a NIVEL PRIMARIO | ||
| 653 | |a NIVEL SECUNDARIO | ||
| 859 | |a CEMS |b BIB. CEMS - Depto. Recursos Didacticos |h 612 |i TVQ |k DRD |p 844.12 |t Ej.1 | ||
